[Event "BL 0405 Solinger SG - SV Mülheim Nord"]
[Site "?"]
[Date "2004.11.27"]
[Round "3.8"]
[White "Schaefer, Markus"]
[Black "Sielecki, Christof"]
[Result "1/2-1/2"]
[WhiteElo "2369"]
[BlackElo "2375"]
[PlyCount "86"]
[EventDate "2004.??.??"]

1. e4 e5 2. Nf3 Nc6 3. c3 Nf6 4. d4 Nxe4 5. d5 Ne7 6. Nxe5 Ng6 7. Qf3 Qe7 8.
Nxg6 hxg6 9. Be3 Nf6 10. Nd2 d6 11. h3 Qe5 12. Bc4 Qh5 13. O-O-O Qxf3 14. Nxf3
Be7 15. Rhe1 a6 16. Bb3 O-O 17. Bd4 Re8 18. Rd2 Bd7 19. Rde2 Bf8 20. Rxe8 Rxe8
21. Rxe8 Bxe8 22. Kd2 Be7 23. Ke3 Nd7 24. c4 Bf6 25. Bc2 a5 26. Ba4 Bxd4+ 27.
Kxd4 Kf8 28. Ne1 Nc5 29. Bxe8 Kxe8 30. Nc2 Kd7 31. Ne3 Ke7 32. Nd1 Kd7 33. Nc3
Na6 34. Ke4 Nc5+ 35. Ke3 Na6 36. Ne4 Ke7 37. Nc3 Nc5 38. Nb5 Kd7 39. Kd4 Na6
40. Nc3 Nc5 41. Ne4 Na6 42. Nc3 Nc5 43. Ne4 Na6 1/2-1/2

[Event "BL 0405 Stuttgarter Sfr - SC Kreuzberg"]
[Site "?"]
[Date "2004.11.27"]
[Round "3.1"]
[White "Nisipeanu, Liviu-Dieter"]
[Black "Oral, Tomas"]
[Result "1-0"]
[WhiteElo "2687"]
[BlackElo "2565"]
[PlyCount "55"]
[EventDate "2004.??.??"]

1. e4 c5 2. Nf3 e6 3. Nc3 Nc6 4. Be2 a6 5. d4 cxd4 6. Nxd4 Qc7 7. O-O Nf6 8.
Be3 d6 9. a4 Be7 10. f4 O-O 11. Kh1 Re8 12. Bd3 Nb4 13. a5 Bd7 14. Qf3 Rac8 15.
Qg3 Nh5 16. Qh3 Nxf4 17. Bxf4 e5 18. Nf5 exf4 19. Rxf4 Bg5 20. Qg3 Bxf5 21.
Rxf5 Bd2 22. Raf1 Re7 23. Qh4 Rce8 24. e5 Bxc3 25. exd6 Qxd6 26. Rd5 Qg6 27.
Bxg6 hxg6 28. Rd8 1-0

[Event "BL 0405 Stuttgarter Sfr - SC Kreuzberg"]
[Site "?"]
[Date "2004.11.27"]
[Round "3.2"]
[White "Berezovsky, Igor"]
[Black "Almasi, Zoltan"]
[Result "1/2-1/2"]
[WhiteElo "2434"]
[BlackElo "2650"]
[PlyCount "40"]
[EventDate "2004.??.??"]

1. d4 g6 2. e4 Bg7 3. Nc3 d6 4. Be3 a6 5. Qd2 b5 6. Bd3 Bb7 7. a4 b4 8. Nce2 a5
9. Ng3 Nd7 10. Nf3 e6 11. c3 bxc3 12. bxc3 Ngf6 13. O-O O-O 14. Rfb1 Rb8 15.
Qc2 Bc6 16. Bb5 Ba8 17. h3 c6 18. Be2 Qc7 19. Rxb8 Rxb8 20. Rb1 Rxb1+ 1/2-1/2

[Event "BL 0405 Stuttgarter Sfr - SC Kreuzberg"]
[Site "?"]
[Date "2004.11.27"]
[Round "3.3"]
[White "Aronian, Levon"]
[Black "Reuss, Andreas"]
[Result "1-0"]
[WhiteElo "2675"]
[BlackElo "2356"]
[PlyCount "73"]
[EventDate "2004.??.??"]

1. d4 c6 2. c4 d5 3. Nc3 Nf6 4. e3 Bf5 5. cxd5 cxd5 6. Qb3 Qb6 7. Nxd5 Qxb3 8.
Nxf6+ exf6 9. axb3 Nc6 10. Bb5 Bd7 11. Bd2 Nb4 12. Bxd7+ Kxd7 13. Ke2 a6 14.
Nh3 Bd6 15. Bxb4 Bxb4 16. Nf4 Bd6 17. Nd5 Kc6 18. e4 b5 19. Rhc1+ Kb7 20. Rc3
Rhe8 21. Kf3 Rad8 22. g4 Bb8 23. Rac1 h5 24. h3 hxg4+ 25. hxg4 Rh8 26. Rc6 Rd6
27. Rxd6 Bxd6 28. Ne3 Rh3+ 29. Ke2 Bf4 30. Rc3 Rh1 31. Nf5 g6 32. Ne3 Bxe3 33.
Kxe3 Rg1 34. d5 Rxg4 35. d6 Rh4 36. Rc7+ Kb8 37. Rxf7 1-0

[Event "BL 0405 Stuttgarter Sfr - SC Kreuzberg"]
[Site "?"]
[Date "2004.11.27"]
[Round "3.4"]
[White "Vujic, Branimir"]
[Black "Maiwald, Jens-Uwe"]
[Result "0-1"]
[WhiteElo "2360"]
[BlackElo "2514"]
[PlyCount "64"]
[EventDate "2004.??.??"]

1. d4 Nf6 2. Bf4 d6 3. Nc3 c6 4. e4 Qa5 5. f3 e5 6. Bg3 Nbd7 7. Nge2 g6 8. Nc1
h5 9. Nb3 Qc7 10. a4 Bh6 11. h4 O-O 12. Bd3 a6 13. a5 exd4 14. Nxd4 c5 15. Ndb5
axb5 16. Nxb5 Qd8 17. Bxd6 Rxa5 18. Bc7 Rxa1 19. Qxa1 Qe7 20. Bd6 Qd8 21. Bc7
Qe8 22. Qa3 Ne5 23. Be2 Qe6 24. Qxc5 Bf4 25. Nd4 Bg3+ 26. Kd2 Qe8 27. Qc3 Bf4+
28. Ke1 Qa4 29. Nb3 Re8 30. Bb6 Be6 31. Kf2 Nfg4+ 32. Kg1 Rc8 0-1

[Event "BL 0405 Stuttgarter Sfr - SC Kreuzberg"]
[Site "?"]
[Date "2004.11.27"]
[Round "3.5"]
[White "Kalinitschew, Sergey"]
[Black "Vuckovic, Aleksandar"]
[Result "1-0"]
[WhiteElo "2533"]
[BlackElo "2325"]
[PlyCount "69"]
[EventDate "2004.??.??"]

1. d4 Nf6 2. c4 e6 3. Nc3 d5 4. cxd5 exd5 5. Bg5 c6 6. e3 h6 7. Bh4 Be7 8. Qc2
O-O 9. Bd3 Nbd7 10. Nf3 Re8 11. O-O Ne4 12. Bxe7 Qxe7 13. b4 Ndf6 14. b5 cxb5
15. Bxb5 Bd7 16. Bxd7 Qxd7 17. Nxe4 Nxe4 18. Ne5 Qe6 19. Qb2 b6 20. Rfc1 Rac8
21. h3 Nd6 22. Qa3 a5 23. Qa4 Rxc1+ 24. Rxc1 Rc8 25. Rxc8+ Nxc8 26. Qc2 Ne7 27.
Qc7 Ng6 28. Nc6 Qf5 29. Qxb6 Qc2 30. Qd8+ Kh7 31. Qxd5 a4 32. g3 a3 33. h4 Qd1+
34. Kg2 Qe2 35. Qxf7 1-0

[Event "BL 0405 Stuttgarter Sfr - SC Kreuzberg"]
[Site "?"]
[Date "2004.11.27"]
[Round "3.6"]
[White "Lorscheid, Gerhard"]
[Black "Volke, Karsten"]
[Result "0-1"]
[WhiteElo "2274"]
[BlackElo "2483"]
[PlyCount "68"]
[EventDate "2004.??.??"]

1. d4 Nf6 2. c4 e6 3. Nc3 Bb4 4. e3 d5 5. Qa4+ Nc6 6. Nf3 Bd7 7. Qc2 O-O 8. Be2
dxc4 9. Bxc4 Ne7 10. O-O c5 11. dxc5 Qc7 12. Bd2 Qxc5 13. Qb3 Nc6 14. a3 Bxc3
15. Bxc3 Na5 16. Bxa5 Qxa5 17. Rfc1 Bc6 18. Nd4 Be4 19. Qb5 Qxb5 20. Nxb5 Rfd8
21. Rd1 a6 22. Nc3 Bc2 23. Rxd8+ Rxd8 24. Kf1 Ne4 25. Nxe4 Bxe4 26. Be2 Rc8 27.
f3 Bd5 28. Rd1 f5 29. Bd3 Bb3 30. Ra1 Kf7 31. Ke1 g5 32. Kd2 Bd5 33. Rc1 Bc6
34. Ke2 Bxf3+ 0-1

[Event "BL 0405 Stuttgarter Sfr - SC Kreuzberg"]
[Site "?"]
[Date "2004.11.27"]
[Round "3.8"]
[White "Fritsch, Rolf"]
[Black "Lau, Ralf"]
[Result "0-1"]
[WhiteElo "2234"]
[BlackElo "2481"]
[PlyCount "108"]
[EventDate "2004.??.??"]

1. Nf3 g6 2. d4 Bg7 3. c4 d6 4. e4 Bg4 5. d5 Nd7 6. Nc3 Ngf6 7. Be2 O-O 8. O-O
c6 9. Be3 Qa5 10. a3 Rfc8 11. Nd2 Bxe2 12. Qxe2 Qa6 13. Rfc1 Nb6 14. Bd4 cxd5
15. Nxd5 Nfxd5 16. Bxg7 Nf4 17. Qf3 Kxg7 18. Qxf4 Nxc4 19. Rc3 e5 20. Qg4 h5
21. Qh3 Nb6 22. Rf3 Qe2 23. Nf1 Qxe4 24. Ng3 Qg4 25. Nf5+ Kf8 26. Nxd6 Rc7 27.
Qg3 Qxg3 28. hxg3 Rd7 29. Ne4 Rc8 30. Nf6 Re7 31. Re1 Kg7 32. g4 hxg4 33. Nxg4
e4 34. Rb3 Nd5 35. g3 f5 36. Ne3 Nf6 37. Rd1 b6 38. Rd6 Rd7 39. Rxd7+ Nxd7 40.
a4 Rc1+ 41. Kg2 Nc5 42. Ra3 Nd3 43. a5 Rb1 44. axb6 axb6 45. b3 Rb2 46. Nd1 Rd2
47. Ra1 b5 48. Kg1 b4 49. Kf1 Kh6 50. Kg1 Kh5 51. Kf1 g5 52. Kg1 f4 53. gxf4
gxf4 54. Kg2 Kg4 0-1

[Event "BL 0405 TV Tegernsee - SFR Neukölln"]
[Site "?"]
[Date "2004.11.27"]
[Round "3.2"]
[White "Sokolov, Andrei"]
[Black "Brynell, Stellan"]
[Result "1-0"]
[WhiteElo "2591"]
[BlackElo "2473"]
[PlyCount "99"]
[EventDate "2004.??.??"]

1. e4 e6 2. d4 d5 3. Nc3 Bb4 4. e5 c5 5. a3 Ba5 6. Bd2 Nc6 7. Qg4 Kf8 8. dxc5
Nxe5 9. Qg3 Ng6 10. O-O-O Nf6 11. f3 Bd7 12. h4 Ne7 13. h5 h6 14. Nge2 Rc8 15.
Nd4 Bc7 16. Qf2 b6 17. Nb3 bxc5 18. Ba6 Rb8 19. Nxc5 Bc6 20. g4 Bd6 21. Nb3 Qc7
22. Be3 Nd7 23. f4 Rxb3 24. cxb3 d4 25. Bxd4 Bxh1 26. Rxh1 Qc6 27. Qf1 Bxf4+
28. Kb1 Nb6 29. Rh3 e5 30. Bb5 Qe6 31. Bc5 g6 32. hxg6 fxg6 33. Ne2 g5 34. Nxf4
gxf4 35. Rd3 Kg7 36. Ka2 Rf8 37. Rd6 Qxg4 38. Qh1 Nf5 39. Re6 Rf7 40. Rxe5 f3
41. Bd3 Ng3 42. Qg1 Nd7 43. Re4 Qg5 44. Qd4+ Nf6 45. Re5 Qg4 46. Qe3 Ne2 47.
Bc4 Qg3 48. Bxe2 Ng4 49. Rg5+ hxg5 50. Qxg5+ 1-0

[Event "BL 0405 TV Tegernsee - SFR Neukölln"]
[Site "?"]
[Date "2004.11.27"]
[Round "3.4"]
[White "Bischoff, Klaus"]
[Black "Borriss, Martin Dr"]
[Result "1/2-1/2"]
[WhiteElo "2559"]
[BlackElo "2439"]
[PlyCount "44"]
[EventDate "2004.??.??"]

1. d4 d5 2. c4 e6 3. Nc3 Be7 4. cxd5 exd5 5. Bf4 c6 6. e3 Bf5 7. Nge2 Nd7 8. h3
h5 9. Nc1 Nb6 10. Bd3 Bxd3 11. Nxd3 Bd6 12. Qf3 Bxf4 13. Qxf4 Nf6 14. O-O-O Qe7
15. g4 Nc4 16. g5 Ne4 17. Nxe4 Qxe4 18. Qxe4+ dxe4 19. Nf4 g6 20. b3 Nd6 21.
Kd2 Kd7 22. Rc1 b6 1/2-1/2

[Event "BL 0405 TV Tegernsee - SFR Neukölln"]
[Site "?"]
[Date "2004.11.27"]
[Round "3.5"]
[White "Berndt, Stephan"]
[Black "Boensch, Uwe"]
[Result "0-1"]
[WhiteElo "2438"]
[BlackElo "2540"]
[PlyCount "112"]
[EventDate "2004.??.??"]

1. e4 c5 2. Nf3 Nc6 3. d4 cxd4 4. Nxd4 e5 5. Nb5 d6 6. N1c3 a6 7. Na3 Be7 8.
Nd5 b5 9. g3 Nf6 10. Nxf6+ Bxf6 11. Bg2 Be6 12. c3 O-O 13. Nc2 a5 14. O-O b4
15. Ne3 Rc8 16. Qd3 bxc3 17. bxc3 Qc7 18. Ba3 Rfd8 19. Rfd1 Be7 20. h4 Na7 21.
Rac1 Qd7 22. c4 Qa4 23. Nd5 Bxd5 24. exd5 Rc7 25. Bf1 Nc8 26. Qe3 Bf8 27. Bb2
Rb7 28. Bc3 Nb6 29. Qd2 Nd7 30. Rb1 Rdb8 31. Rxb7 Rxb7 32. Re1 g6 33. h5 Qa3
34. hxg6 hxg6 35. Re3 Qa4 36. Re1 Qa3 37. Re3 Qa4 38. Re1 Qa3 39. Rc1 Nc5 40.
Re1 Bh6 41. Qc2 Na4 42. Ba1 Qb4 43. Rd1 Bg7 44. Qc1 e4 45. Bxg7 Kxg7 46. Qf4
Nc3 47. Re1 Re7 48. Re3 Re5 49. g4 g5 50. Qh2 Qb2 51. Rh3 e3 52. Rh7+ Kf6 53.
Qh6+ Ke7 54. fxe3 Ne2+ 55. Bxe2 Qxe2 56. Qh2 Qe1+ 0-1

[Event "BL 0405 TV Tegernsee - SFR Neukölln"]
[Site "?"]
[Date "2004.11.27"]
[Round "3.6"]
[White "Kindermann, Stefan"]
[Black "Thiede, Lars"]
[Result "1-0"]
[WhiteElo "2536"]
[BlackElo "2442"]
[PlyCount "123"]
[EventDate "2004.??.??"]

1. e4 g6 2. d4 Bg7 3. Nc3 d6 4. Be3 Nd7 5. f4 a6 6. Nf3 b5 7. Bd3 c5 8. e5 Bb7
9. Be4 Bxe4 10. Nxe4 Nh6 11. e6 fxe6 12. Neg5 Nf8 13. Qe2 Nf5 14. O-O-O Rc8 15.
Bf2 c4 16. c3 Qd7 17. Rhe1 Rc7 18. g4 Nh6 19. h3 Nf7 20. Nxe6 Nxe6 21. Qxe6
Qxe6 22. Rxe6 Rf8 23. Bg3 Bh6 24. g5 Nd8 25. Re3 Bg7 26. Rde1 Kf7 27. f5 gxf5
28. Nh4 f4 29. Bxf4 Kg8 30. Bg3 Rf7 31. Ng2 b4 32. Nf4 bxc3 33. bxc3 Rb7 34.
Nd5 Nc6 35. h4 Bf8 36. R3e2 Rf3 37. Re3 Rf5 38. Nf4 Rfb5 39. R3e2 Rb1+ 40. Kd2
R7b2+ 41. Ke3 e5 42. dxe5 dxe5 43. Nd5 Rxe1 44. Bxe1 Bc5+ 45. Kf3 Rxe2 46. Kxe2
Kf7 47. Kf3 Bd6 48. Ke4 Ke6 49. Bf2 Na5 50. Nf6 h6 51. Ne8 hxg5 52. Nxd6 Kxd6
53. hxg5 Ke6 54. Bg3 Nc6 55. Bh2 Kd6 56. g6 Ke6 57. Bxe5 Ne7 58. g7 Ng8 59. Bd4
Ne7 60. Bc5 Ng8 61. Kd4 Kf7 62. Bf8 1-0

[Event "BL 0405 TV Tegernsee - SFR Neukölln"]
[Site "?"]
[Date "2004.11.27"]
[Round "3.7"]
[White "Schwarz, Michael"]
[Black "Hertneck, Gerald"]
[Result "0-1"]
[WhiteElo "2408"]
[BlackElo "2552"]
[PlyCount "138"]
[EventDate "2004.??.??"]

1. c4 e5 2. g3 Nf6 3. Bg2 c6 4. Nf3 e4 5. Nd4 d5 6. cxd5 Qxd5 7. Nc2 Qh5 8. h3
Qg6 9. Nc3 Bd6 10. Ne3 O-O 11. Qc2 Re8 12. b3 Na6 13. Bb2 Nb4 14. Qc1 Be6 15.
h4 h5 16. O-O Rad8 17. a3 Nbd5 18. Ncxd5 Nxd5 19. Qc2 Bg4 20. Nxg4 Qxg4 21. e3
g5 22. hxg5 Be5 23. Bxe5 Rxe5 24. f4 exf3 25. Rxf3 Rxg5 26. Raf1 Rg7 27. Qc4
Qxc4 28. bxc4 Nb6 29. c5 Nc4 30. Rf4 Nxd2 31. R1f2 Nb3 32. Rf5 Rd1+ 33. Kh2 Rc1
34. Rxh5 Rxc5 35. Rh4 Re5 36. e4 Nd4 37. Bf1 b5 38. Rh6 Re6 39. Rh4 c5 40. Rh5
c4 41. a4 a6 42. axb5 axb5 43. Rd5 Rxe4 44. Rd8+ Kh7 45. Bg2 Re2 46. Rxe2 Nxe2
47. Be4+ Kh6 48. Rd6+ Kg5 49. Rd5+ Kg4 50. Rxb5 Nxg3 51. Bd5 Nf1+ 52. Kg2 Ne3+
53. Kf2 Kf4 54. Bf3 f5 55. Rc5 Ra7 56. Be2 Ra2 57. Ke1 Kg3 58. Rc6 Ra1+ 59. Kd2
Kf2 60. Bh5 Rh1 61. Be2 Rh8 62. Bxc4 Nxc4+ 63. Rxc4 Rd8+ 64. Kc3 Ke3 65. Rc5 f4
66. Re5+ Kf2 67. Kc2 f3 68. Re7 Kf1 69. Rf7 f2 0-1

[Event "BL 0405 TV Tegernsee - SFR Neukölln"]
[Site "?"]
[Date "2004.11.27"]
[Round "3.8"]
[White "Gross, David"]
[Black "Rudolf, Henrik"]
[Result "1-0"]
[WhiteElo "2465"]
[BlackElo "2322"]
[PlyCount "93"]
[EventDate "2004.??.??"]

1. e4 c5 2. Nf3 e6 3. d4 cxd4 4. Nxd4 Nc6 5. Nb5 d6 6. Bf4 e5 7. Be3 Nf6 8. Bg5
Be6 9. Nd2 Rc8 10. Bxf6 gxf6 11. Nc4 Nd4 12. Nxd4 Bxc4 13. Nf5 Qb6 14. Bd3 Qb4+
15. c3 Qxb2 16. O-O Bxd3 17. Qxd3 Qxc3 18. Qe2 Qc2 19. Qf3 Rc3 20. Ne3 Rg8 21.
Kh1 Qa4 22. Rac1 Rc6 23. Rxc6 Qxc6 24. h3 Be7 25. Nd5 Bd8 26. Qe3 f5 27. Rc1
Qd7 28. Qxa7 Kf8 29. exf5 Qxf5 30. Qb8 Kg7 31. Qxd6 Qxf2 32. Qxe5+ Bf6 33. Qe4
Bd4 34. Rd1 Bc5 35. Qe5+ Kh6 36. Nf4 Rg5 37. Qf6+ Rg6 38. Qe5 Rg5 39. Qe4 Qg3
40. Rc1 b6 41. Rf1 Qe3 42. Qc6+ Kg7 43. Nh5+ Kf8 44. Qf6 Ke8 45. Rd1 Bd4 46.
Rxd4 Qc1+ 47. Kh2 1-0

[Event "BL 0405 SC Eppingen - Erfurter SK"]
[Site "?"]
[Date "2004.11.27"]
[Round "3.1"]
[White "Haba, Petr"]
[Black "Gyimesi, Zoltan"]
[Result "1/2-1/2"]
[WhiteElo "2520"]
[BlackElo "2613"]
[PlyCount "53"]
[EventDate "2004.??.??"]

1. e4 c6 2. d4 d5 3. Nd2 dxe4 4. Nxe4 Bf5 5. Ng3 Bg6 6. h4 h6 7. Nf3 Nd7 8. h5
Bh7 9. Bd3 Bxd3 10. Qxd3 e6 11. Bf4 Ngf6 12. O-O-O Be7 13. Kb1 O-O 14. Ne4 Qa5
15. g4 Nxg4 16. Ne5 Ndxe5 17. dxe5 f5 18. exf6 Nxf6 19. Rdg1 Nxe4 20. Qxe4 Qf5
21. Qxf5 Rxf5 22. Bxh6 Bf6 23. Bxg7 Bxg7 24. h6 Rf7 25. Kc1 Re8 26. hxg7 Rxg7
27. Kd2 1/2-1/2

[Event "BL 0405 SC Eppingen - Erfurter SK"]
[Site "?"]
[Date "2004.11.27"]
[Round "3.2"]
[White "Acs, Peter"]
[Black "Votava, Jan"]
[Result "0-1"]
[WhiteElo "2521"]
[BlackElo "2505"]
[PlyCount "66"]
[EventDate "2004.??.??"]

1. e4 c5 2. Nf3 e6 3. d4 cxd4 4. Nxd4 a6 5. c4 Nf6 6. Nc3 Bb4 7. Qc2 O-O 8. Bd3
d6 9. O-O Bc5 10. Nb3 Nc6 11. Bg5 h6 12. Bh4 g5 13. Bg3 Nh5 14. e5 Nxg3 15.
hxg3 Nxe5 16. Nxc5 dxc5 17. Rad1 Qf6 18. f4 gxf4 19. Be2 Qg7 20. gxf4 Nc6 21.
Bh5 b6 22. Qe4 Na5 23. f5 exf5 24. Qxa8 Bb7 25. Qxf8+ Kxf8 26. Rf2 Qg5 27. Be2
h5 28. Nd5 Nc6 29. Nxb6 Nd4 30. Nd7+ Kg7 31. Rd3 Qe7 32. Rg3+ Kh6 33. Bxh5 Qe1+
0-1

[Event "BL 0405 SC Eppingen - Erfurter SK"]
[Site "?"]
[Date "2004.11.27"]
[Round "3.3"]
[White "Machelett, Heiko"]
[Black "Medvegy, Zoltan"]
[Result "0-1"]
[WhiteElo "2401"]
[BlackElo "2467"]
[PlyCount "78"]
[EventDate "2004.??.??"]

1. c4 c5 2. Nc3 Nc6 3. Nf3 e5 4. g3 d6 5. Bg2 g6 6. a3 Bg7 7. d3 Nge7 8. Nd2
O-O 9. Nf1 a6 10. Ne3 b5 11. Ned5 Rb8 12. O-O bxc4 13. dxc4 Nxd5 14. Bxd5 Nd4
15. b4 Kh8 16. e3 Ne6 17. b5 e4 18. Bd2 axb5 19. cxb5 f5 20. f3 exf3 21. Qxf3
Ng5 22. Qg2 Be6 23. a4 Re8 24. Ra3 Ne4 25. Bxe6 Rxe6 26. Nd5 Re5 27. Nc3 d5 28.
Nxe4 Rxe4 29. Rf4 c4 30. Bc3 d4 31. Rxe4 dxc3 32. Rxc4 Qd3 33. Qf1 Qxe3+ 34.
Kg2 Qd2+ 35. Kh3 Rf8 36. Qf4 Qb2 37. Qd6 g5 38. g4 fxg4+ 39. Kxg4 Qe2+ 0-1

[Event "BL 0405 SC Eppingen - Erfurter SK"]
[Site "?"]
[Date "2004.11.27"]
[Round "3.4"]
[White "Braun, Arik"]
[Black "Casper, Thomas"]
[Result "1/2-1/2"]
[WhiteElo "2480"]
[BlackElo "2412"]
[PlyCount "97"]
[EventDate "2004.??.??"]

1. d4 Nf6 2. c4 d6 3. Nc3 Nbd7 4. Nf3 e5 5. Bg5 Be7 6. e3 c6 7. Qc2 h6 8. Bh4
Nh5 9. Bxe7 Qxe7 10. O-O-O Nhf6 11. Bd3 O-O 12. h3 Re8 13. dxe5 dxe5 14. Ne4
Nxe4 15. Bxe4 Nc5 16. g4 Nxe4 17. Qxe4 Qc5 18. Rd2 b5 19. Rc2 bxc4 20. Qxc4 Qa5
21. a3 Be6 22. Qe2 Red8 23. Rc3 Rab8 24. Rd1 Rxd1+ 25. Qxd1 Qb5 26. b4 Rb7 27.
Qd3 Qxd3 28. Rxd3 f6 29. Nd2 Bd5 30. e4 Be6 31. Rd6 Kf7 32. Rxc6 h5 33. f3 h4
34. Kc2 Bd7 35. Rc5 Bb5 36. Nc4 Kg6 37. Kd3 a6 38. Ke3 Rd7 39. a4 Bxc4 40. Rxc4
Rd1 41. b5 axb5 42. axb5 Rb1 43. Rc5 Rb3+ 44. Kd2 Kg5 45. Kc2 Rb4 46. Kc3 Rb1
47. Kc2 Rb4 48. Kc3 Rb1 49. Kc2 1/2-1/2

[Event "BL 0405 SC Eppingen - Erfurter SK"]
[Site "?"]
[Date "2004.11.27"]
[Round "3.5"]
[White "Brueggemann, Joachim"]
[Black "Schulze, Ulrich"]
[Result "1-0"]
[WhiteElo "2404"]
[BlackElo "2333"]
[PlyCount "111"]
[EventDate "2004.??.??"]

1. e4 c6 2. d4 d5 3. Nc3 dxe4 4. Nxe4 Bf5 5. Ng3 Bg6 6. Nf3 Nd7 7. Bd3 e6 8.
O-O Ngf6 9. b3 Qc7 10. Bb2 Be7 11. c4 Rd8 12. Re1 O-O 13. Bxg6 hxg6 14. Qd2
Rfe8 15. Rad1 Bd6 16. Qc3 a5 17. Re2 a4 18. Rde1 axb3 19. axb3 Ra8 20. Ne5 Qa5
21. Qf3 Qc7 22. h4 Bb4 23. Rf1 Ra2 24. Nxd7 Qxd7 25. h5 gxh5 26. Nxh5 Nxh5 27.
Qxh5 Rxb2 28. Rxb2 Bc3 29. Ra2 Bxd4 30. g3 g6 31. Qg4 Kg7 32. Kg2 Qd6 33. Rh1
e5 34. Qh4 e4 35. Qh6+ Kg8 36. Rd2 c5 37. Qh8+ Bxh8 38. Rxd6 Bd4 39. Re1 Kg7
40. Rb6 Re7 41. Re2 Bc3 42. Ra2 Bb4 43. Ra7 e3 44. fxe3 Rxe3 45. Rbxb7 Rxb3 46.
Rxf7+ Kh6 47. Rf3 Rb2+ 48. Rf2 Rb3 49. Re7 Rd3 50. Rf3 Rd4 51. Rf4 Rd6 52. Kf3
Kg5 53. Re5+ Kh6 54. Kg4 Bd2 55. Rfe4 Bb4 56. Rd5 1-0

[Event "BL 0405 SC Eppingen - Erfurter SK"]
[Site "?"]
[Date "2004.11.27"]
[Round "3.6"]
[White "Koch, Wolfgang Max Dr"]
[Black "Mueller, Matthias"]
[Result "1/2-1/2"]
[WhiteElo "2330"]
[BlackElo "2362"]
[PlyCount "71"]
[EventDate "2004.??.??"]

1. d4 d5 2. c4 e6 3. Nc3 c6 4. cxd5 exd5 5. Bf4 Nf6 6. e3 Bf5 7. Nge2 Nbd7 8.
Ng3 Bg6 9. h4 Qb6 10. Qd2 h5 11. Be2 Be7 12. Rc1 a5 13. a3 Qd8 14. Qd1 Kf8 15.
Bd3 Bxd3 16. Qxd3 g6 17. Bg5 Kg7 18. Nge2 Re8 19. Nf4 Ng4 20. Bxe7 Qxe7 21. g3
Nb6 22. O-O Nf6 23. Nb1 Nc8 24. Nd2 Nd6 25. Rc2 a4 26. Ra1 Qd7 27. b3 Ng4 28.
Rb2 axb3 29. Qxb3 Re7 30. a4 Rae8 31. Nf1 Ra8 32. Nd2 Nf5 33. Nf1 Nd6 34. Nd2
Qe8 35. Nf1 Qd7 36. Nd2 1/2-1/2

[Event "BL 0405 SC Eppingen - Erfurter SK"]
[Site "?"]
[Date "2004.11.27"]
[Round "3.7"]
[White "Voekler, Bernd"]
[Black "Schneider, Bernd"]
[Result "0-1"]
[WhiteElo "2376"]
[BlackElo "2293"]
[PlyCount "90"]
[EventDate "2004.??.??"]

1. e4 c5 2. Nf3 e6 3. c4 Qc7 4. Nc3 a6 5. Be2 Nc6 6. d4 cxd4 7. Nxd4 Nf6 8. O-O
Bb4 9. Nxc6 dxc6 10. Qc2 e5 11. Be3 Bxc3 12. bxc3 c5 13. Rab1 Be6 14. f4 Ra7
15. f5 Bc8 16. Bf3 Nd7 17. Rfd1 b6 18. Qf2 Bb7 19. Qg3 Rg8 20. Rxd7 Kxd7 21. f6
g6 22. Qh3+ Kc6 23. Qxh7 Raa8 24. Qh4 Bc8 25. a4 a5 26. Rd1 Be6 27. Rd5 Bxd5
28. cxd5+ Kb7 29. Be2 c4 30. Qe1 Rad8 31. Qf1 Rd6 32. Bxc4 Ka7 33. Bd2 g5 34.
Bb5 Rg6 35. Qe1 Rdxf6 36. Be3 g4 37. c4 Kb7 38. Qb1 g3 39. c5 bxc5 40. Bc6+ Kc8
41. hxg3 Rxc6 42. dxc6 Qxc6 43. Qc2 c4 44. Qc3 Qxe4 45. Bf2 Qd5 0-1

[Event "BL 0405 SC Eppingen - Erfurter SK"]
[Site "?"]
[Date "2004.11.27"]
[Round "3.8"]
[White "Rau, Hannes"]
[Black "Enders, Peter"]
[Result "1-0"]
[WhiteElo "2384"]
[BlackElo "2456"]
[PlyCount "141"]
[EventDate "2004.??.??"]

1. d4 Nf6 2. c4 c5 3. d5 e6 4. Nc3 exd5 5. cxd5 d6 6. e4 g6 7. f4 Bg7 8. Bb5+
Nfd7 9. a4 O-O 10. Nf3 Na6 11. O-O Nc7 12. Bd3 a6 13. Re1 Re8 14. a5 Rb8 15.
Bd2 b5 16. axb6 Nxb6 17. Qc2 Bg4 18. Qd1 Qc8 19. h3 Bd7 20. Bf1 Qb7 21. Qc2 Nb5
22. Nxb5 Bxb5 23. Bc3 f6 24. b3 Qf7 25. Ra5 Nd7 26. Bc4 Rb7 27. Kh1 Reb8 28.
Qd3 Qf8 29. Re2 Bh6 30. g3 Bg7 31. Kg2 Qf7 32. Ba1 Qf8 33. Bc3 Qf7 34. Re1 Qf8
35. Kh2 Qf7 36. Re2 Qf8 37. Ra1 Qf7 38. Kg2 Re8 39. Rf1 Re7 40. e5 Bxc4 41.
bxc4 fxe5 42. fxe5 Qf5 43. Qxf5 gxf5 44. Nh4 Nxe5 45. Nxf5 Red7 46. Nxg7 Kxg7
47. Bxe5+ dxe5 48. Rxe5 Rb2+ 49. Rf2 Rxf2+ 50. Kxf2 a5 51. Re3 Rb7 52. Ke2 Rb2+
53. Kd3 a4 54. Re7+ Kf6 55. Rxh7 a3 56. Ra7 Rb3+ 57. Kc2 Rxg3 58. h4 Ke5 59.
Re7+ Kd4 60. d6 Rc3+ 61. Kd2 Rd3+ 62. Kc2 Rc3+ 63. Kb1 Kxc4 64. Rb7 Rf3 65. d7
Rf8 66. h5 Kd5 67. h6 Kc6 68. Ra7 Kb6 69. Rxa3 Kc7 70. Rd3 Kd8 71. Rd6 1-0

[Event "BL 0405 SC Baden Oos - SV Werder Bremen"]
[Site "?"]
[Date "2004.11.27"]
[Round "3.6"]
[White "Schlosser, Philipp"]
[Black "Fish, Gennadij"]
[Result "1/2-1/2"]
[WhiteElo "2570"]
[BlackElo "2523"]
[PlyCount "103"]
[EventDate "2004.??.??"]

1. e4 e6 2. d4 d5 3. Nd2 c5 4. exd5 exd5 5. Ngf3 Nc6 6. Bb5 Bd6 7. O-O Nge7 8.
dxc5 Bxc5 9. Nb3 Bd6 10. c3 O-O 11. Bd3 h6 12. h3 Nf5 13. Bc2 Re8 14. Qd3 Be6
15. Re1 Qf6 16. Bd2 g6 17. Re2 Rad8 18. Rae1 Bf8 19. Be3 Nxe3 20. Rxe3 Bf5 21.
Qd1 Rxe3 22. Rxe3 Bc8 23. Nbd4 Bc5 24. Bb3 Kg7 25. Rd3 Bb6 26. Nc2 Be6 27. Qd2
Bf5 28. Rxd5 Bxh3 29. Rxd8 Nxd8 30. Ne3 Be6 31. Nd5 Bxd5 32. Bxd5 Qd6 33. c4
Nc6 34. a3 a5 35. Kf1 Qc5 36. g3 a4 37. Qc3+ Kf8 38. Qd2 Kg7 39. Kg2 Ne7 40.
Bxb7 Qxc4 41. Qd6 Qc5 42. Qxc5 Bxc5 43. Nd2 f5 44. Nb1 Bd4 45. Nc3 Bxc3 46.
bxc3 Kf6 47. Kf3 Ke5 48. Ke3 Nd5+ 49. Kd3 Nb6 50. Bc6 g5 51. Be8 Kd5 52. Bf7+
1/2-1/2

[Event "BL 0405 SC Baden Oos - SV Werder Bremen"]
[Site "?"]
[Date "2004.11.27"]
[Round "3.7"]
[White "Schandorff, Lars"]
[Black "Buhmann, Rainer"]
[Result "1/2-1/2"]
[WhiteElo "2510"]
[BlackElo "2521"]
[PlyCount "94"]
[EventDate "2004.??.??"]

1. d4 d5 2. c4 c6 3. Nf3 Nf6 4. e3 e6 5. Bd3 Nbd7 6. O-O Bd6 7. Nc3 O-O 8. e4
dxc4 9. Bxc4 e5 10. Bg5 Qe7 11. Bb3 Rd8 12. d5 Nf8 13. h3 h6 14. Bd2 Ng6 15.
Qc2 Bd7 16. Be3 b5 17. a3 c5 18. Ne2 Nh5 19. Ng3 Nhf4 20. Nf5 Bxf5 21. exf5 Nh4
22. Nxh4 Qxh4 23. Qd1 Qg5 24. Bxf4 Qxf4 25. Qg4 Rac8 26. Bc2 c4 27. Rfd1 Qxg4
28. hxg4 Bc5 29. Rab1 Kf8 30. Kf1 Ke7 31. Be4 Kd6 32. Rdc1 a6 33. Ke2 Bd4 34.
Rc2 Rc7 35. b3 Rdc8 36. b4 Ra7 37. a4 Rb8 38. Ra2 bxa4 39. Rxa4 Rb6 40. f3 Rab7
41. Rc1 c3 42. Rca1 a5 43. Rxa5 Rxb4 44. Ra6+ R7b6 45. Rxb6+ Rxb6 46. Ra2 Kc5
47. Kd3 Rb2 1/2-1/2

[Event "BL 0405 SC Baden Oos - SV Werder Bremen"]
[Site "?"]
[Date "2004.11.27"]
[Round "3.8"]
[White "Keitlinghaus, Ludger"]
[Black "Knaak, Rainer"]
[Result "1/2-1/2"]
[WhiteElo "2493"]
[BlackElo "2486"]
[PlyCount "119"]
[EventDate "2004.??.??"]

1. e4 e6 2. d4 d5 3. e5 c5 4. c3 Nc6 5. Nf3 Bd7 6. Be2 Nge7 7. Na3 cxd4 8. cxd4
Nf5 9. Nc2 Nb4 10. Nxb4 Bxb4+ 11. Bd2 Bxd2+ 12. Qxd2 Qb6 13. O-O Rc8 14. Rfc1
Rxc1+ 15. Rxc1 O-O 16. Bd3 Ne7 17. h4 Rc8 18. Re1 h6 19. h5 Nc6 20. Bb1 Kf8 21.
a3 a5 22. Kh2 Ne7 23. g4 Qb3 24. Re3 Qc4 25. Rc3 Qb5 26. Rxc8+ Bxc8 27. Qc2 Qf1
28. Kg3 Bd7 29. Qh7 Ng8 30. Qd3 Qxd3 31. Bxd3 Ne7 32. Kf4 Nc6 33. Ke3 f6 34.
Nh4 Ne7 35. f4 Ba4 36. Kd2 b6 37. Nf3 Be8 38. Nh4 Ba4 39. f5 Kf7 40. fxe6+ Kxe6
41. Bf5+ Kf7 42. Ng2 Ke8 43. exf6 gxf6 44. Ne3 Bd7 45. Bb1 Be6 46. Bc2 Kd7 47.
Kc3 Kd6 48. b4 axb4+ 49. Kxb4 Nc6+ 50. Kc3 Ne7 51. Bf5 Bf7 52. Kd2 Nc6 53. Kd3
Ne7 54. Kc3 Be8 55. Kd2 Bf7 56. Bd3 Be6 57. Kc3 Bd7 58. Bf5 Be8 59. Kd2 Bf7 60.
Kc3 1/2-1/2